000 00551nam a2200205Ia 4500
003 OSt
005 20220926045636.0
006 a|||||r|||| 00| 0
007 ta
008 220923b |||||||| |||| 00| 0 eng d
037 _cGeneral Book
040 _aRTL
_cRTL
_beng
041 _2eng
_aeng
082 _aX:54jN10, L1/TD
100 _aBHAGWATI Jagdish N
_997273
245 0 _aTrade balance of payment and growth.
260 _c1973
942 _hX:54jN10, L1/TD
_cGB
_2CC
999 _c678232
_d678232